000 00177 a2200097 4500
020 _a9780141371474
041 _aeng
100 _aRoald Dahl
245 _aThe Twits
942 _cBK
999 _c28985
_d28983